[Event "Havana Giraldilla op"]
[White "Hector Delgado, Rubi Nahomis"]
[Black "Becerra Arias, Luis Ernesto"]
[Site "Havana"]
[Round "6"]
[Result "1/2-1/2"]
[Date "2024.08.15"]
[WhiteElo "1794"]
[BlackElo "1665"]
[PlyCount "126"]
[EventDate "2024.08.12"]
[EventType "swiss"]
[EventRounds "9"]
[EventCountry "CUB"]
[SourceTitle "CBM 221 Extra"]
[Source "ChessBase"]
[SourceDate "2024.09.30"]
[SourceVersion "1"]
[SourceVersionDate "2024.09.30"]
[SourceQuality "1"]

1. d4 d5 2. Nc3 Nf6 3. Bf4 e6 4. Nb5 Bd6 5. Nxd6+ cxd6 6. c3 Nc6 7. Nf3 Qe7 8. e3 a6 9. h3 e5 10. Bh2 0-0 11. g4 e4 12. Nd2 Ne8 13. Qb3 Nc7 14. c4 dxc4 15. Nxc4 d5 16. Nb6 Ra7 17. Bxc7 Qxc7 18. Nxd5 Qa5+ 19. Nc3 b5 20. Be2 Be6 21. d5 b4 22. dxe6 bxc3 23. exf7+ Kh8 24. 0-0 cxb2 25. Rad1 Ne5 26. Rd5 Qc7 27. Qxb2 Nxf7 28. Rfd1 Qc6 29. Qb4 Re8 30. Bc4 h6 31. Rf5 Rb7 32. Qc5 Qxc5 33. Rxc5 Ra7 34. Rc6 Ng5 35. Kg2 a5 36. Kg3 Rf8 37. h4 Nf3 38. Rcd6 Re7 39. Rd8 Ree8 40. Rxe8 Rxe8 41. Be2 Ne5 42. Rd5 Nc6 43. Bb5 Nb4 44. Bxe8 Nxd5 45. Bf7 Nc3 46. Kf4 g5+ 47. hxg5 hxg5+ 48. Kxg5 Kg7 49. Bg6 Nxa2 50. Bxe4 Nc3 51. Bc2 a4 52. Bxa4 Nxa4 53. f4 Nc3 54. f5 Ne4+ 55. Kf4 Nf2 56. e4 Nd3+ 57. Kg3 Kf6 58. Kh4 Ke5 59. g5 Nc5 60. g6 Nxe4 61. g7 Nf6 62. Kg5 Ng8 63. Kg6 Nf6 1/2-1/2

[Event "Havana Jimenez Memoriam"]
[White "Garcia Torres, Eldys"]
[Black "Becerra Arias, Luis Ernesto"]
[Site "Havana"]
[Round "8"]
[Result "1-0"]
[Date "2024.07.28"]
[WhiteElo "1903"]
[BlackElo "1643"]
[PlyCount "67"]
[EventDate "2024.07.21"]
[EventType "tourn"]
[EventRounds "9"]
[EventCountry "CUB"]
[SourceTitle "EXT 2025"]
[Source "ChessBase"]
[SourceDate "2024.10.14"]
[SourceVersion "1"]
[SourceVersionDate "2024.10.14"]
[SourceQuality "1"]

1. d4 Nf6 2. c4 e5 3. dxe5 Ng4 4. Nf3 Nc6 5. e3 Bb4+ 6. Bd2 Qe7 7. Nc3 Ncxe5 8. Be2 c6 9. 0-0 Qd6 10. g3 0-0 11. a3 Ba5 12. b4 Bc7 13. c5 Qe7 14. Nd4 d5 15. f4 Nxe3 16. Bxe3 Nc4 17. Bf2 Ne3 18. Qd2 Nxf1 19. Bxf1 Bd7 20. Bd3 Qf6 21. Re1 Rfe8 22. Nce2 b5 23. Nf3 a5 24. Bd4 Qh6 25. Ne5 Bxe5 26. Bxe5 Rxe5 27. Rd1 Re7 28. bxa5 Bg4 29. Ra1 Qf6 30. Ra2 h5 31. a4 Rea7 32. axb5 cxb5 33. Kg2 Qc6 34. Nd4 1-0

[Event "Havana Jimenez Memoriam"]
[White "Becerra Arias, Luis Ernesto"]
[Black "Collazo Perez, Jorge Luis"]
[Site "Havana"]
[Round "1"]
[Result "0-1"]
[Date "2024.07.21"]
[WhiteElo "1643"]
[BlackElo "1892"]
[PlyCount "70"]
[EventDate "2024.07.21"]
[EventType "tourn"]
[EventRounds "9"]
[EventCountry "CUB"]
[SourceTitle "EXT 2025"]
[Source "ChessBase"]
[SourceDate "2024.10.14"]
[SourceVersion "1"]
[SourceVersionDate "2024.10.14"]
[SourceQuality "1"]

1. e4 e5 2. Nf3 Nc6 3. Bc4 Be7 4. d4 exd4 5. c3 d3 6. Qxd3 d6 7. b4 Nf6 8. Bf4 0-0 9. 0-0 Bg4 10. Nbd2 Nh5 11. Bg3 Bf6 12. h3 Be6 13. Rac1 Qe7 14. Bd5 Nxg3 15. fxg3 Be5 16. Bxc6 bxc6 17. Nxe5 dxe5 18. Nb3 Bxb3 19. axb3 a5 20. bxa5 Qc5+ 21. Kh2 Rad8 22. Qc2 Qxa5 23. b4 Qb5 24. Rcd1 g6 25. h4 Qc4 26. Rxd8 Rxd8 27. Rf6 Rd4 28. Qf2 Rxe4 29. h5 Re2 30. Qf3 e4 31. Qf4 Qa2 32. hxg6 Rxg2+ 33. Kh3 Rh2+ 34. Kg4 Qe2+ 35. Kf5 Rh5+ 0-1